<The> handbook of business valuation and intellectual property analysis

Salvato in:
Dettagli Bibliografici
Altri autori: Reilly, Robert F., Schweihs, Robert P.
Natura: Libro
Lingua:inglese
Pubblicazione: New York McGraw-Hill 2004
Serie:Irwin library of investment & finance
Soggetti:
Tags: Aggiungi Tag
Nessun Tag, puoi essere il primo ad aggiungerne!!

MARC

LEADER 00000nam a2200000 4500
001 0237543
005 20240313132934.7
020 |a 978-0-07-142967-2 
020 |a 0-07-142967-0 
020 |a 0-7-142967-0 
041 0 |a eng 
044 |a US 
245 1 0 |a <The> handbook of business valuation and intellectual property analysis  |c editors: Robert F. Reilly, Robert P. Schweihs 
264 1 |a New York  |b McGraw-Hill  |c 2004 
300 |a 662 s. 
490 1 |a Irwin library of investment & finance 
830 0 |a Irwin library of investment & finance 
610 2 0 |a podnik 
610 2 0 |a oceňovanie 
610 2 0 |a hodnota podniku 
610 2 0 |a ohodnocovanie podniku 
610 2 0 |a korporácie 
610 2 0 |a oceňovanie ekonomické 
610 2 0 |a vlastníctvo duševné 
610 2 0 |a odhady 
610 2 0 |a metódy 
610 2 0 |a analýzy 
610 2 0 |a štúdie prípadové 
610 2 0 |a škody 
700 1 |a Reilly, Robert F. 
700 1 |a Schweihs, Robert P.